书目信息 |
| 书名: | A history of Soviet Russia | |
| 作者: | M.K. Dziewanowski. | |
| 分册号: | ||
| 分册名: | 出版地: | Englewood Cliffs, N.J. : |
|
| 出版社: | Prentice Hall | |
| 出版时间: | c1993. | |
| 页数: | xvi, 425 p. : | |
| 开本: | 24 cm. | |
| 丛书名: | ||
| 中图分类号: | ||
| 科图分类号: | ||
| 其他分类号: | K512.4 | |
| 主题词: | ||
| 电子资源: | ||
| 000 | 00975pam a2200289 a 450 | |
| 001 | E0757991367 | |
| 005 | 20070401160815.54 | |
| 008 | 920410s1993 njuab b 001 0 eng | |
| 010 | @a92013977 | |
| 020 | @a0133897273. | |
| 035 | @A(DLC) 92013977 | |
| 040 | @aDLC@cDLC@dDLC | |
| 043 | @ae-ur--- | |
| 050 | 00 | @aDK246@b.D9 1993 |
| 082 | 00 | @a947.084@2 20 |
| 090 | @aK512.4 | |
| 099 | @dK512.4@ex1=4 | |
| 100 | 1 | @aDziewanowski, M. K. |
| 245 | 12 | @aA history of Soviet Russia / @cM.K. Dziewanowski. |
| 250 | @a4th ed. | |
| 260 | @aEnglewood Cliffs, N.J. :@bPrentice Hall,@cc1993. | |
| 300 | @axvi, 425 p. :@bill., maps ;@c24 cm. | |
| 504 | @aIncludes bibliographical references and index. | |
| 651 | 0 | @aSoviet Union@xHistory. |
| 906 | @a7@bcbc@corignew@d1@eocip@f19@gy-gencatlg | |
| 955 | @apc16 to br00 04-10-92; br11 to SCD 04-13-92; fc10 04-13-92; fl43 04-17-92; CIP ver. pv08 02-12-93 | |
| 991 | @bc-GenColl@hDK246@i.D9 1993@p00023824413@tCopy 1@wBOOKS | |
| A history of Soviet Russia / / M.K. Dziewanowski.-4th ed.-Englewood Cliffs, N.J. : : Prentice Hall, , c1993. |
| xvi, 425 p. : : ill., maps ; ; 24 cm. |
| Includes bibliographical references and index. |
| ISBN 0133897273. |
| ● |
| 相关链接 |
|
|
|
|
正题名:history of Soviet Russia
索取号:K512.4/x1=4
 
预约/预借
| 序号 | 登录号 | 条形码 | 馆藏地/架位号 | 状态 | 备注 |
| 1 | 0003895 | 300038956 | 第二样本阅览室/ [索取号:K512.4/x1=4] | 在馆 |